000 00583nam a2200217Ia 4500
008 160901s9999 xx 000 0 und d
020 _a978-9-812-53344-9
050 _aComSc QA 76.73
050 _b.P224G66 2011
100 _aGoodrich, Michael T.
245 _aData structures and algorithms in java /
245 _cMichael T. Goodrich, Roberto Tamassia.
250 _a5th Edition
260 _aSingapore :
260 _bJohn Wiley and Sons Pte Ltd.
260 _c2011
300 _a710 pages :
300 _bill. ;
300 _c23 cm.
500 _aIncludes index.
999 _c300791
_d300791